000 01578nam a2200373 c 4500
003 BLK
005 20180421001234.0
008 180411b bul|||||r ||||||| ||bul||
010 _aKNG00208033000
040 _aBLK
041 _aBUL
_cBUL
080 _aБългарска литература
_b821.163.2
_x-1(075.8)
_z821.163.2-1(075.8)
080 _aРуска литература
_b821.161.1
_x-1(075.8)
_z821.161.1-1(075.8)
080 _aЛитература на отделни езици и езикови семейства
_b821
_x-1(075.8)
_z821-1(075.8)
700 1 _aЧипев, Иван Лука
_eсъстав.
_9284478
700 1 _aМатанов, Божидар Ангелов
_eсъстав.
_9284479
139 _aХудожествено слово
_bХ 93
245 1 0 _aХудожествено слово
_bХристоматия [за студентите от ВИТИЗ Кр. Сарафов] : Ч. 1 -
_cсъстав. Иван Лука Чипев; състав. Божидар Ангелов Матанов.
_nЧ. 1
250 _a2. изд.
257 _aBGR
260 София
_bНаука и изкуство
_c1990
_fВраца : В. Александров
300 _c22 см
380 _aX
653 _aстихотворения
653 _aпоеми
653 _aбалади
653 _aбасни
760 1 _b2. изд.
_h499 с.
_tЧ. 1
852 _aЦб 162597
856 4 _qpdf
_u
856 4 _qpdf
_u
942 _cKNG
_n0
944 _aCR
_c15.06.2017
_kТеодора_Стоянова
944 _aED
_c15.06.2017
_kТеодора_Стоянова
999 _c198683
_d198683